[Event "Adelboden op 8th"]
[Site "Adelboden"]
[Date "2022.12.11"]
[Round "5"]
[White "Canonica, Fabio"]
[Black "Kavak, Azat"]
[Result "1-0"]
[WhiteElo "1591"]
[BlackElo "1129"]
[PlyCount "57"]
[EventDate "2022.12.09"]
[EventType "swiss"]
[EventRounds "5"]
[EventCountry "SUI"]
[SourceTitle "CBM 211 Extra"]
[Source "ChessBase"]
[SourceDate "2023.01.31"]
[SourceVersion "1"]
[SourceVersionDate "2023.01.31"]
[SourceQuality "1"]

1. d4 e6 2. c4 Nf6 3. Nf3 d5 4. e3 c5 5. Be2 cxd4 6. exd4 Nc6 7. 0-0 Bd6 8. Bg5 0-0 9. c5 Be7 10. Nc3 Ne4 11. Nxe4 dxe4 12. Bxe7 Qxe7 13. Ne1 Rd8 14. Nc2 e5 15. d5 Qxc5 16. Na3 Nd4 17. Rc1 Qb6 18. Nc4 Qf6 19. Bg4 Rxd5 20. Kh1 g6 21. Ne3 Ra5 22. Bxc8 b6 23. a3 Rb5 24. b4 a5 25. Bd7 axb4 26. Bxb5 Nxb5 27. Qd5 Ra5 28. axb4 Nd4 29. bxa5 1-0